000 00258nam a2200097Ia 4500
001 994654
005 20250826221431.0
008 250824s9999 xx 000 0 und d
245 0 _aEYVALLAH BİRLİK DÜKKANI
_cHİKMET ANIL ÖZTEKİN
260 _bDESTEK YAYINLARI
999 _c994654
_d994654